L'Orlando furioso e le satire / (Record no. 25613)

MARC details
000 -LEADER
campo de control de longitud fija 00703nam a2200193 i 4500
001 - NÚMERO DE CONTROL
campo de control 25613
003 - IDENTIFICADOR DE NÚMERO DE CONTROL
campo de control ES-MaACL
005 - FECHA Y HORA DE LA ÚLTIMA TRANSACCIÓN
campo de control 20251005063033.0
007 - CAMPO FIJO DE DESCRIPCIÓN FÍSICA--INFORMACIÓN GENERAL
campo de control de longitud fija t|
008 - DATOS DE LONGITUD FIJA--INFORMACIÓN GENERAL
campo de control de longitud fija 021227s1836 fr ||||1| ita d
100 1# - ENTRADA PRINCIPAL--NOMBRE DE PERSONA
Nombre de persona Ariosto, Lodovico,
Fechas asociadas al nombre 1474-1533
9 (RLIN) 22846
245 12 - MENCIÓN DEL TÍTULO
Título L'Orlando furioso e le satire /
Mención de responsabilidad, etc. di Lodovico Ariosto ; con note di diversi per diligenza e studio di Antonio Buttura.
260 ## - PUBLICACIÓN, DISTRIBUCIÓN, ETC.
Lugar de publicación, distribución, etc. Parigi :
Nombre del editor, distribuidor, etc. presso Lefevre,
Fecha de publicación, distribución, etc. 1836.
300 ## - DESCRIPCIÓN FÍSICA
Extensión 4 vol. (XXVI, 474 p.) (488 p.) (475 p.) (496 p ;
Dimensiones 21 cm.
505 8# - NOTA DE CONTENIDO CON FORMATO
Nota de contenido con formato Contiene: La vita di Ludovico Ariosto, scritta dal Dottor Barotti
700 1# - ENTRADA AGREGADA--NOMBRE PERSONAL
Nombre de persona Buttura, Antonio.
9 (RLIN) 32976
852 ## - LOCALIZACIÓN
Ubicación ES-MaACL
Número de control de estantería G-7841-44
Holdings
Estatus retirado Estado de pérdida Estado de daño No para préstamo Colección Biblioteca de origen Biblioteca actual Ubicación en estantería Fecha de adquisición Fuente de adquisición Total de préstamos Signatura topográfica completa Código de barras Visto por última vez Precio de reemplazo Tipo de ítem Koha
        Libros del s. XIX Biblioteca del Ateneo de Madrid Biblioteca del Ateneo de Madrid Sala Pecera Planta 3 17/01/2008     G-7841-44 1026414 23/02/2023 23/02/2023 Libro impreso antiguo